000
00329nam a2200157Ia 4500
100
_a
Kargupta/Hillol
650
_a
Data Mining
942
_c
BK
366
_f
25
245
_a
Data Mining
260
_b
Prentice -Hall of India
_c
2004
082
_a
5.74
_b
KAR
300
_a
558
546
_a
ENGLISH
_c
electronics
999
_c
22145
_d
22145